Toán 9

Sách tiếp sách toán 9 tập một. Nội dung gồm phần hệ hai phương trình bậc nhất hai ẩn và phương trình bậc hai một ẩn trong phần đại số. phần góc với đường tròn, hình trụ, hình nón, hình cầu trong phần hình học. Nhằm giúp các em nâng ca...

وصف كامل

محفوظ في:
التفاصيل البيبلوغرافية
المؤلف الرئيسي: Phan, Đức Chính
التنسيق: كتاب
اللغة:Undetermined
منشور في: Hà Nội Giáo dục 2010
الموضوعات:
الوسوم: إضافة وسم
لا توجد وسوم, كن أول من يضع وسما على هذه التسجيلة!
Thư viện lưu trữ: Trung tâm Học liệu Trường Đại học Cần Thơ
LEADER 01029nam a2200217Ia 4500
001 CTU_158077
008 210402s9999 xx 000 0 und d
020 |c 5800 
082 |a 510.712 
082 |b Ch312/T.2/L.9 
100 |a Phan, Đức Chính 
245 0 |a Toán 9 
245 0 |c Phan Đức Chính (Tổng chủ biên) 
260 |a Hà Nội 
260 |b Giáo dục 
260 |c 2010 
520 |a Sách tiếp sách toán 9 tập một. Nội dung gồm phần hệ hai phương trình bậc nhất hai ẩn và phương trình bậc hai một ẩn trong phần đại số. phần góc với đường tròn, hình trụ, hình nón, hình cầu trong phần hình học. Nhằm giúp các em nâng cao hiểu biết hơn về toán học. 
650 |a Mathematics 
650 |x Study and teaching (Secondary) 
904 |i Phan Thị Kim Lan (Đào Thị Bé Ba) 
980 |a Trung tâm Học liệu Trường Đại học Cần Thơ